| 000 | 01306nam a2200301 a 4500 | ||
|---|---|---|---|
| 001 | BRCA_5001 | ||
| 005 | 20190320204910.0 | ||
| 008 | 281010s1805----mx-######v---#000-0#spa-# | ||
| 041 | _aspa | ||
| 044 | _amx | ||
| 084 |
_aDOC88 _b.R66 _c1805 |
||
| 100 | 1 |
_aRomero de Caamaño, Joaquín _912748 |
|
| 245 | 1 | 0 |
_aDocumento de respuesta a la cuenta de albaceazlgo de Don Manuel de la Borda _cJoaquín Romero Caamaño, Manuel de la Borda. |
| 260 |
_aMéxico _c1805 |
||
| 300 |
_a[21] fojas _c31 x 22 cm |
||
| 500 | _aDocumento firmado el 26 de agosto de 1805, México | ||
| 500 | _aRespuesta al documento de adiciones y reparos hechos por el apoderado de los Borda a las cuentas de albaceazgo del año 1802. Firma Joaquín Romero de Caamaño | ||
| 500 | _aEl documento tiene la leyenda DOC. #248 | ||
| 500 | _aPapel con marca de agua | ||
| 500 | _aEstado de conservación: Contiene rasgos de acidificación y fojas sueltas | ||
| 506 | 0 | _aFondo reservado: para su consulta es necesario credencial de usuario y carta de motivos | |
| 546 | _aTexto en: español de principio del siglo XIX | ||
| 600 | 1 | 4 |
_aRomero Caamaño, Joaquín _cLicenciado _912749 |
| 651 | 4 |
_aMéxico _vManuscrito _xHistoria _yColonia, 1521-1821 _912750 |
|
| 700 | 1 |
_aBorda, Manuel de la _912751 |
|
| 902 | _aFDH | ||
| 942 |
_2lcc _cD |
||
| 999 |
_c4695 _d4695 |
||